[Event "Torneo Internazionale A"]
[Site "Netanya ISR"]
[Date "1973.05.??"]
[Round "4"]
[White "Czerniak, Moshe"]
[Black "Tatai, Stefano"]
[WhiteElo "2370"]
[BlackElo "2460"]
[Result "0-1"]
[PlyCount "82"]
[EventDate "1973.05.27"]

1. e4 c5 2. b3 Nc6 3. Bb2 e6 4. Nf3 Nf6 5. Nc3 d6 6. g3 Be7 7. Bg2 O-O 8. d4
cxd4 9. Nxd4 Bd7 10. O-O Nxd4 11. Qxd4 Qc7 12. a4 a6 13. Qd3 Rac8 14. Rac1 Rfd8
15. f4 b5 16. axb5 axb5 17. f5 e5 18. Nd1 b4 19. c4 bxc3 20. Rxc3 Qb6+ 21. Qe3
Qb4 22. Nf2 Rxc3 23. Qxc3 Rb8 24. Qxb4 Rxb4 25. Ra1 Rxb3 26. Ra8+ Bf8 27. Ra2
g6 28. g4 Bh6 29. h4 Be3 30. Bf3 Bc6 31. Kg2 gxf5 32. gxf5 Bxf2 33. Kxf2 Bxe4
34. Be2 Bd5 35. Bc1 Rh3 36. Ra4 Ne4+ 37. Kg2 Rc3 38. Ra1 Rc2 39. Kf3 Nc3+ 40.
Ke3 Rxe2+ 41. Kd3 Ra2 0-1